państwa, które według średniej mają ponad 100 IQ - Statystyki

Ogólne statystyki
  • Ten quiz został rozwiązany 39 razy
  • Średni wynik to 6 z 15
Statystyki odpowiedzi
liczba IQ Państwa % Poprawnych
108,1 Japonia
91%
106,59 Chiny
80%
101,06 Niemcy
80%
107 Korea Południowa
69%
101,96 Australia
54%
100,74 Szwajcaria
49%
101,14 Wietnam
49%
104,75 Singapur
46%
100,33 Austria
34%
100,03 Belgia
31%
106,52 Iran
17%
102,50 Mongolia
9%
100,47 Sri Lanka
9%
100,21 Bułgaria
3%
101,05 Słowenia
3%
Nie znaleziono quizów pasujących do podanych kryteriów
Rozkład punktacji
Procent ludzi z każdym wynikiem
Percentyl według liczby udzielonych odpowiedzi
Twoja historia wyników
Nie rozwiązałeś tego quizu